Library of the University of Algiers 3
Ibrahim Sultan Cheibout
شعار جامعة الجزائر 3
مكتبة جامعة الجزائر 3
إبراهيم سلطان شيبوط

الإدارة الإستراتيجية لتكاليف النقل دورها في تنمية حركة التجارة البينية / (رقم التسجيلة. 42995)

تفاصيل مارك
000 -LEADER
fixed length control field 01424nam a2200265Ia 4500
003 - CONTROL NUMBER IDENTIFIER
control field Ost
005 - DATE AND TIME OF LATEST TRANSACTION
control field 20260507075115.0
008 - FIXED-LENGTH DATA ELEMENTS--GENERAL INFORMATION
fixed length control field 260507s9999||||xx |||||||||||||| ||und||
020 ## - INTERNATIONAL STANDARD BOOK NUMBER
International Standard Book Number 7585024977
040 ## - CATALOGING SOURCE
Transcribing agency fsecg
041 ## - LANGUAGE CODE
Language code of text/sound track or separate title ara
082 ## - DEWEY DECIMAL CLASSIFICATION NUMBER
Classification number 388.049
100 ## - MAIN ENTRY--PERSONAL NAME
Personal name يوسف، محمد محمود
Relator term مؤلف
245 #0 - TITLE STATEMENT
Title الإدارة الإستراتيجية لتكاليف النقل دورها في تنمية حركة التجارة البينية /
Statement of responsibility, etc. محمد محمود يوسف
260 ## - PUBLICATION, DISTRIBUTION, ETC.
Place of publication, distribution, etc. القاهرة:
Name of publisher, distributor, etc. المنظمة العربية للتنمية الإدارية,
Date of publication, distribution, etc. 2003
300 ## - PHYSICAL DESCRIPTION
Extent 214 صفحة؛
Other physical details إيضاحات ؛
Dimensions 24 سم
490 ## - SERIES STATEMENT
Series statement بحوث ودراسات
Volume/sequential designation 380
504 ## - BIBLIOGRAPHY, ETC. NOTE
Bibliography, etc. note المراجع ص.205
520 ## - SUMMARY, ETC.
Summary, etc. نشاط النقل بالوطن العربي- الإدارة الإستراتيجية لنشاط النقل للمستويات الثلاث ( تشغيلي، إقليمي، قومي، إقليمي عربي)- مقترحات حول البعد الإستراتيجي لتحليل تكاليف النقل وتفعيل حركة التجارة البيئية بين الدول العربية
653 ## - INDEX TERM--UNCONTROLLED
Uncontrolled term الإدارة الإستراتيجية
653 ## - INDEX TERM--UNCONTROLLED
Uncontrolled term التجارة العربية
653 ## - INDEX TERM--UNCONTROLLED
Uncontrolled term التكاليف- النقل- البلاد العربية
653 ## - INDEX TERM--UNCONTROLLED
Uncontrolled term التنظيم والإدارة- النقل- البلاد العربية
942 ## - ADDED ENTRY ELEMENTS (KOHA)
Koha item type كتب
المقتنيات
Withdrawn status Lost status Source of classification or shelving scheme Damaged status Not for loan Home library Current library Date acquired Serial enumeration / chronology Inventory number Total checkouts Full call number Barcode Date last seen Price effective from Koha item type
    Dewey Decimal Classification   NOT LOAN / إعارة داخلية مكتبة كلية العلوم الإقتصادية والعلوم التجارية وعلوم التسيير مكتبة كلية العلوم الإقتصادية والعلوم التجارية وعلوم التسيير 07/05/2026 الطابق الأرضي 1904/1   أ/1904ن1 1904/1 07/05/2026 07/05/2026 كتب
    Dewey Decimal Classification   Available مكتبة كلية العلوم الإقتصادية والعلوم التجارية وعلوم التسيير مكتبة كلية العلوم الإقتصادية والعلوم التجارية وعلوم التسيير 07/05/2026 الطابق الأرضي 1904/2   أ/1904ن2 1904/2 07/05/2026 07/05/2026 كتب
    Dewey Decimal Classification   Available مكتبة كلية العلوم الإقتصادية والعلوم التجارية وعلوم التسيير مكتبة كلية العلوم الإقتصادية والعلوم التجارية وعلوم التسيير 07/05/2026 الطابق الأرضي 1904/3   أ/1904ن4 1904/3 07/05/2026 07/05/2026 كتب
    Dewey Decimal Classification   Available مكتبة كلية العلوم الإقتصادية والعلوم التجارية وعلوم التسيير مكتبة كلية العلوم الإقتصادية والعلوم التجارية وعلوم التسيير 07/05/2026 الطابق الأرضي 1904/4   أ/1904ن4 1904/4 07/05/2026 07/05/2026 كتب
    Dewey Decimal Classification   Available مكتبة كلية العلوم الإقتصادية والعلوم التجارية وعلوم التسيير مكتبة كلية العلوم الإقتصادية والعلوم التجارية وعلوم التسيير 07/05/2026 الطابق الأرضي 1904/5   أ/1904ن5 1904/5 07/05/2026 07/05/2026 كتب
    Dewey Decimal Classification   Available مكتبة كلية العلوم الإقتصادية والعلوم التجارية وعلوم التسيير مكتبة كلية العلوم الإقتصادية والعلوم التجارية وعلوم التسيير 07/05/2026 الطابق الثاني 1904/6   أ/1904ن6 1904/6 07/05/2026 07/05/2026 كتب
    Dewey Decimal Classification   Available مكتبة كلية العلوم الإقتصادية والعلوم التجارية وعلوم التسيير مكتبة كلية العلوم الإقتصادية والعلوم التجارية وعلوم التسيير 07/05/2026 الطابق الثاني 1904/7   أ/1904ن7 1904/7 07/05/2026 07/05/2026 كتب
    Dewey Decimal Classification   Available مكتبة كلية العلوم الإقتصادية والعلوم التجارية وعلوم التسيير مكتبة كلية العلوم الإقتصادية والعلوم التجارية وعلوم التسيير 07/05/2026 الطابق الثاني 1904/8   أ/1904ن8 1904/8 07/05/2026 07/05/2026 كتب
    Dewey Decimal Classification   Available مكتبة كلية العلوم الإقتصادية والعلوم التجارية وعلوم التسيير مكتبة كلية العلوم الإقتصادية والعلوم التجارية وعلوم التسيير 07/05/2026 الطابق الثاني 1904/9   أ/1904ن9 1904/9 07/05/2026 07/05/2026 كتب

موارد الويب المفتوحة


© University of Algiers 3 All Rights Reserved
|
Implemented by LECHELAH Riad